[Event "Hiver/Winter op"]
[Site "Montreal CAN"]
[Date "2003.03.02"]
[Round "5"]
[White "Prahov, Valentin"]
[Black "Leclair, Hugues"]
[Result "1-0"]
[WhiteElo "2145"]
[BlackElo "1845"]
[PlyCount "79"]
[EventDate "2003.02.28"]
[EventType "swiss"]
[EventRounds "5"]
[EventCountry "CAN"]

1. e4 c5 2. Nf3 Nc6 3. d4 cxd4 4. Nxd4 g6 5. Nc3 Bg7 6. Be3 Nf6 7. Bc4 Qa5 8.
O-O O-O 9. Bb3 d6 10. f3 Nd7 11. Nd5 Re8 12. c3 e6 13. Nxc6 bxc6 14. Nb4 Qc7
15. Nc2 a5 16. Bc4 d5 17. Be2 Rb8 18. Rb1 Nb6 19. Ne1 c5 20. Qc2 Bb7 21. Bf2
Qc6 22. Bg3 Rbd8 23. e5 d4 24. cxd4 Rxd4 25. Bf2 Bxe5 26. Bxd4 Bxd4+ 27. Kh1
Nd5 28. Qb3 a4 29. Qb5 Ne3 30. Rg1 Qc8 31. Qxa4 e5 32. Rc1 Rd8 33. b4 Qf5 34.
bxc5 Ra8 35. Qb5 Rxa2 36. Qxb7 Rxe2 37. c6 Qg5 38. c7 Nf5 39. c8=Q+ Kg7 40. Rc7
1-0

[Event "Hollowach Challenge"]
[Site "Edmonton CAN"]
[Date "2003.04.03"]
[Round "1"]
[White "McIntosh, Danny"]
[Black "Yamach, Ahmet"]
[Result "1-0"]
[WhiteElo "1743"]
[BlackElo "1871"]
[PlyCount "85"]
[EventDate "2003.04.03"]
[EventType "swiss"]
[EventRounds "4"]
[EventCountry "CAN"]

1. d4 Nf6 2. c4 g6 3. Nc3 Bg7 4. e4 d6 5. Nf3 O-O 6. Be3 Nbd7 7. Qd2 Ng4 8. Bg5
Re8 9. h3 Ngf6 10. Be2 Nf8 11. Rd1 Ne6 12. h4 c6 13. Bxf6 exf6 14. h5 g5 15. h6
Bh8 16. d5 cxd5 17. Qxd5 Nf4 18. Qxd6 Qxd6 19. Rxd6 Nxg2+ 20. Kf1 Nf4 21. Nd5
Nxd5 22. exd5 Bg4 23. Nd4 Bxe2+ 24. Nxe2 f5 25. Rh5 f6 26. Nd4 Kf7 27. Nxf5 Kg6
28. Ng3 Rad8 29. Rxd8 Rxd8 30. Kg2 f5 31. Rh1 Be5 32. Re1 Bxg3 33. Re6+ Kf7 34.
Kxg3 Rd7 35. b4 Rc7 36. Rd6 Ke7 37. c5 Kf7 38. Rd8 Kg6 39. d6 Rf7 40. b5 f4+
41. Kg4 f3 42. c6 Rf4+ 43. Kg3 1-0

[Event "Hollowach Challenge"]
[Site "Edmonton CAN"]
[Date "2003.04.03"]
[Round "1"]
[White "Rekhson, Vladislav"]
[Black "Hughey, Micah"]
[Result "0-1"]
[WhiteElo "1759"]
[BlackElo "2070"]
[PlyCount "80"]
[EventDate "2003.04.03"]
[EventType "swiss"]
[EventRounds "4"]
[EventCountry "CAN"]

1. e4 Nf6 2. Nc3 e5 3. Nf3 Nc6 4. Bb5 Nd4 5. Nxd4 exd4 6. e5 dxc3 7. exf6 cxd2+
8. Bxd2 Qxf6 9. O-O Be7 10. Bc3 Qg5 11. Re1 Qxb5 12. Bxg7 Rg8 13. Re5 d5 14.
Qh5 Rxg7 15. Rae1 Bg4 16. Rxe7+ Kf8 17. Qe5 Qc6 18. Rxc7 f6 19. Rxc6 fxe5 20.
Rc5 Bf3 21. g3 Re8 22. Re3 Rf7 23. c4 d4 24. Rd3 Be2 25. Rd2 d3 26. b4 e4 27.
Rd5 e3 28. fxe3 Rxe3 29. Rd8+ Kg7 30. c5 Ref3 31. b5 Rf1+ 32. Kg2 R7f2+ 33. Kh3
Bg4+ 34. Kxg4 Rxd2 35. Rd7+ Rf7 36. c6 bxc6 37. bxc6 Rxa2 38. c7 Rc2 39. c8=Q
Rxc8 40. Rxd3 Ra8 0-1

[Event "Hollowach Challenge"]
[Site "Edmonton CAN"]
[Date "2003.04.10"]
[Round "2"]
[White "Hughey, Micah"]
[Black "Gonzalez, Iran"]
[Result "1-0"]
[WhiteElo "2070"]
[BlackElo "1855"]
[PlyCount "83"]
[EventDate "2003.04.03"]
[EventType "swiss"]
[EventRounds "4"]
[EventCountry "CAN"]

1. e4 d6 2. d4 Nf6 3. Nc3 e6 4. Nf3 Be7 5. Bd3 Nc6 6. a3 Nd7 7. O-O Bf6 8. Be3
e5 9. d5 Ne7 10. b4 Nf8 11. Ne2 h5 12. c4 Nfg6 13. Ra2 Kf8 14. c5 Bg4 15. Nd2
a6 16. Nc4 Nc8 17. Qb3 Bg5 18. f3 Bxe3+ 19. Nxe3 Qg5 20. Nc4 Bh3 21. Rf2 Rh6
22. Rc2 h4 23. Kh1 Bd7 24. Rf1 b5 25. cxb6 cxb6 26. Qb2 Ra7 27. Qc1 Qd8 28. Qe3
Bb5 29. Rfc1 Nge7 30. Qg5 f6 31. Qe3 f5 32. Qg5 f4 33. Nxe5 Rf6 34. Nxf4 dxe5
35. Rxc8 Nxc8 36. Ne6+ Rxe6 37. Qxd8+ Re8 38. Qg5 Nd6 39. Bxb5 axb5 40. Rc6
Rxa3 41. h3 Nc4 42. Rc7 1-0

[Event "Hollowach Challenge"]
[Site "Edmonton CAN"]
[Date "2003.04.17"]
[Round "3"]
[White "MacKey, John"]
[Black "McIntosh, Danny"]
[Result "0-1"]
[WhiteElo "1756"]
[BlackElo "1743"]
[PlyCount "102"]
[EventDate "2003.04.03"]
[EventType "swiss"]
[EventRounds "4"]
[EventCountry "CAN"]

1. d4 Nf6 2. Nf3 e6 3. c4 c5 4. d5 b5 5. e3 exd5 6. cxd5 Bb7 7. Nbd2 Nxd5 8.
Bxb5 Be7 9. O-O O-O 10. Qe2 Nc6 11. Rd1 Qc7 12. Nc4 Nb6 13. b3 Nxc4 14. Bxc4
Bf6 15. Bb2 Ne5 16. Nxe5 Bxe5 17. Bxe5 Qxe5 18. Rac1 d5 19. Ba6 Bxa6 20. Qxa6
d4 21. exd4 cxd4 22. Qd3 Rfd8 23. Rc4 Rac8 24. g3 Rxc4 25. Qxc4 h6 26. Qd3 Qa5
27. Rd2 Qb4 28. Rc2 Qb7 29. Rc1 Qe7 30. Rc4 Qe5 31. Ra4 a5 32. Rc4 f5 33. a3
Qe1+ 34. Qf1 Qe4 35. b4 Rd5 36. b5 f4 37. a4 fxg3 38. fxg3 Rf5 39. Qd1 Qe3+ 40.
Kh1 d3 41. b6 d2 42. b7 Qe1+ 43. Kg2 Qf2+ 44. Kh3 Rh5+ 45. Qxh5 Qf1+ 46. Kh4
g5+ 47. Qxg5+ hxg5+ 48. Kxg5 d1=Q 49. b8=Q+ Qf8 50. Rc8 Qd2+ 51. Kg6 Qdh6# 0-1

[Event "Hollowach Challenge"]
[Site "Edmonton CAN"]
[Date "2003.04.24"]
[Round "4"]
[White "Quiring, John"]
[Black "Hughey, Micah"]
[Result "0-1"]
[WhiteElo "1997"]
[BlackElo "2070"]
[PlyCount "58"]
[EventDate "2003.04.03"]
[EventType "swiss"]
[EventRounds "4"]
[EventCountry "CAN"]

1. d4 d5 2. c4 e6 3. Nc3 c5 4. cxd5 exd5 5. Nf3 Nc6 6. g3 Nf6 7. Bg2 Be7 8. O-O
O-O 9. Bg5 c4 10. b3 Qa5 11. Na4 b5 12. Ne5 Bb7 13. Bd2 Qc7 14. Nc3 Nxd4 15.
Bf4 Ne6 16. Nxb5 Qa5 17. bxc4 Nxf4 18. gxf4 Rad8 19. Qc2 Rc8 20. a4 Ne4 21. Bh3
f5 22. Nd7 Rf7 23. Ne5 Rf6 24. Nd4 g6 25. Qa2 dxc4 26. Rfc1 Bd5 27. Rab1 c3 28.
Qc2 Qc5 29. Rb5 Qxd4 0-1

[Event "Hull CC-ch C"]
[Site "Hull CAN"]
[Date "2003.03.04"]
[Round "2"]
[White "Maisonneuve, Paul"]
[Black "Lacourse, Guy"]
[Result "0-1"]
[WhiteElo "1602"]
[BlackElo "1640"]
[PlyCount "80"]
[EventDate "2003.02.25"]
[EventType "tourn"]
[EventRounds "5"]
[EventCountry "CAN"]

1. d4 e6 2. Nf3 c5 3. c3 Nf6 4. Bf4 Nc6 5. e3 b6 6. Bd3 Be7 7. h3 d5 8. O-O
cxd4 9. exd4 O-O 10. Nbd2 Nh5 11. Bh2 Bd6 12. Ne5 Bxe5 13. Bxh7+ Kxh7 14. Qxh5+
Kg8 15. Bxe5 f6 16. Bg3 Ba6 17. Rfe1 Qe8 18. Qxe8 Rfxe8 19. Nf3 Bd3 20. Re3 Be4
21. Nd2 Bh7 22. Rae1 Kf7 23. Nf3 b5 24. a3 a5 25. Bd6 Rad8 26. Bc5 Rd7 27. Kh2
Nd8 28. b4 Nb7 29. Ng1 a4 30. Ne2 e5 31. dxe5 Nxc5 32. bxc5 fxe5 33. Nd4 exd4
34. Rxe8 dxc3 35. R8e2 d4 36. Rd1 d3 37. Ree1 Rc7 38. Rxd3 Bxd3 39. Re3 c2 40.
Rf3+ Kg8 0-1

[Event "Hull CC-ch C"]
[Site "Hull CAN"]
[Date "2003.03.11"]
[Round "3"]
[White "Lacourse, Guy"]
[Black "Simard, Daniel"]
[Result "0-1"]
[WhiteElo "1640"]
[BlackElo "1682"]
[PlyCount "74"]
[EventDate "2003.02.25"]
[EventType "tourn"]
[EventRounds "5"]
[EventCountry "CAN"]

1. Nf3 Nc6 2. d4 d5 3. g3 Nf6 4. Bg2 Bg4 5. Nbd2 e6 6. O-O Bd6 7. c4 Bxf3 8.
Nxf3 dxc4 9. Qa4 O-O 10. Qxc4 Ne7 11. Qc2 Rc8 12. e4 Bb4 13. a3 Ba5 14. e5 Nd7
15. b4 Bb6 16. Ng5 Ng6 17. Rd1 h6 18. Nxf7 Kxf7 19. d5 Ngxe5 20. dxe6+ Kxe6 21.
Bf4 Qf6 22. Bxb7 Rcd8 23. Bd5+ Ke7 24. Qb3 g5 25. Be3 Bxe3 26. Qxe3 Nb6 27. Bb3
Rxd1+ 28. Rxd1 Nbd7 29. Bd5 Qb6 30. Rd4 Kd8 31. f4 gxf4 32. gxf4 Nc6 33. Bxc6
Qxc6 34. Qd3 Rg8+ 35. Kf2 Qg2+ 36. Ke1 Qg1+ 37. Kd2 Qxh2+ 0-1

[Event "Hull CC-ch C"]
[Site "Hull CAN"]
[Date "2003.03.18"]
[Round "4"]
[White "Lemieux, Richard"]
[Black "Lacourse, Guy"]
[Result "1-0"]
[WhiteElo "1674"]
[BlackElo "1640"]
[PlyCount "107"]
[EventDate "2003.02.25"]
[EventType "tourn"]
[EventRounds "5"]
[EventCountry "CAN"]

1. e4 c5 2. d4 cxd4 3. c3 Nf6 4. e5 Nd5 5. Qxd4 e6 6. Nf3 Nc6 7. Qa4 a6 8. Be2
d6 9. exd6 Bxd6 10. O-O O-O 11. Nbd2 Nf4 12. Bd1 Bd7 13. Qb3 b5 14. Ne4 Na5 15.
Qc2 Bc7 16. Bxf4 Bxf4 17. Be2 Bc6 18. Nd4 Bxh2+ 19. Kh1 Bxe4 20. Qxe4 Bd6 21.
Rad1 Qc7 22. Nxe6 fxe6 23. Qxe6+ Qf7 24. Qxf7+ Kxf7 25. Rxd6 Ke7 26. Rd5 Rad8
27. Rxd8 Rxd8 28. Rd1 Rxd1+ 29. Bxd1 Nc4 30. b3 Ne5 31. Be2 Kd6 32. f4 Ng6 33.
g3 h6 34. Kg2 Ne7 35. c4 Kc5 36. g4 bxc4 37. Bxc4 a5 38. Kf3 Kd4 39. g5 hxg5
40. fxg5 Nf5 41. Kg4 Ne3+ 42. Kh5 Nxc4 43. bxc4 Kxc4 44. Kg6 Kb4 45. Kxg7 Ka3
46. Kh6 Kxa2 47. g6 a4 48. g7 Kb2 49. g8=Q a3 50. Qb8+ Ka1 51. Qe5+ Kb1 52.
Qe1+ Kb2 53. Qd2+ Ka1 54. Qc2 1-0

[Event "Hull CC-ch C"]
[Site "Hull CAN"]
[Date "2003.03.25"]
[Round "5"]
[White "Lacourse, Guy"]
[Black "Menard, Marc"]
[Result "1-0"]
[WhiteElo "1640"]
[BlackElo "1639"]
[PlyCount "75"]
[EventDate "2003.02.25"]
[EventType "tourn"]
[EventRounds "5"]
[EventCountry "CAN"]

1. Nf3 Nc6 2. c4 e5 3. Nc3 f5 4. d3 Nf6 5. g3 Be7 6. Bg2 O-O 7. Nd5 Nxd5 8.
cxd5 Bb4+ 9. Kf1 Nd4 10. Nxe5 Re8 11. Be3 Rxe5 12. Bxd4 Re8 13. e4 d6 14. f4
Qe7 15. Qb3 Ba5 16. e5 Kh8 17. Kf2 Bb6 18. Bxb6 axb6 19. Rae1 dxe5 20. Rxe5
Qc5+ 21. Kf3 Bd7 22. Rhe1 Rxe5 23. fxe5 Re8 24. e6 Bc8 25. Qc4 Qd6 26. Kf2 c6
27. dxc6 Bxe6 28. cxb7 h6 29. Rxe6 Rxe6 30. b8=Q+ Qxb8 31. Qxe6 Qc7 32. Qc4 Qe5
33. d4 Qa5 34. b4 Qa3 35. Qc8+ Kh7 36. Qxf5+ Kh8 37. Qf8+ Kh7 38. Be4+ 1-0

[Event "Hull CC-ch E"]
[Site "Hull CAN"]
[Date "2003.03.04"]
[Round "2"]
[White "Thomann, Olivier"]
[Black "Dionne, Jennifer"]
[Result "1-0"]
[WhiteElo "1799"]
[BlackElo "1032"]
[PlyCount "103"]
[EventDate "2003.02.25"]
[EventType "swiss"]
[EventRounds "5"]
[EventCountry "CAN"]

1. e4 e5 2. Nf3 Nc6 3. Bb5 Bc5 4. O-O d5 5. Nxe5 Qe7 6. Nxc6 bxc6 7. Bxc6+ Bd7
8. Bxa8 dxe4 9. Bxe4 Nf6 10. Bf3 O-O 11. d4 Bg4 12. Bxg4 Nxg4 13. Qxg4 Bd6 14.
Bf4 Re8 15. Bxd6 cxd6 16. Nc3 Qe6 17. Qxe6 Rxe6 18. Rfe1 h6 19. Rxe6 fxe6 20.
Re1 Kf7 21. Nb5 d5 22. Nc7 g5 23. Rxe6 h5 24. Re5 Kf6 25. Nxd5+ Kg6 26. c4 g4
27. f3 a5 28. Re6+ Kg5 29. f4+ Kf5 30. Kf2 Kxe6 31. Kg3 Kf5 32. Nc3 h4+ 33.
Kxh4 Kxf4 34. d5 a4 35. d6 a3 36. d7 axb2 37. d8=Q Ke3 38. Nd1+ Kf4 39. Nxb2
Ke3 40. Qg5+ Kd4 41. Qd2+ Kc5 42. Qd5+ Kb4 43. Qb5+ Kc3 44. Qb3+ Kd4 45. Qd3+
Kc5 46. a3 Kb6 47. Qd6+ Ka5 48. Qc5+ Ka6 49. Qb5+ Ka7 50. Nd3 g3 51. Nc5 gxh2
52. Qb7# 1-0

[Event "Icebreaker op"]
[Site "Winnipeg CAN"]
[Date "2003.03.14"]
[Round "1.1"]
[White "Lipnowski, Samuel"]
[Black "Hogeveen Rutter, Alexander"]
[Result "1-0"]
[WhiteElo "2076"]
[BlackElo "1585"]
[PlyCount "31"]
[EventDate "2003.03.15"]
[EventType "swiss"]
[EventRounds "5"]
[EventCountry "CAN"]
[Source "ChessBase"]
[SourceDate "2003.11.25"]

1. e4 c5 2. Nf3 Nc6 3. d4 cxd4 4. Nxd4 Nxd4 5. Qxd4 d6 6. Nc3 Nf6 7. Bg5 a6 8.
Bc4 g6 9. e5 Nh5 10. exd6 f6 11. Be3 e5 12. Qd5 Qd7 13. O-O-O Rb8 14. g4 Qxg4
15. Qf7+ Kd8 16. Bb6# 1-0

[Event "Icebreaker op"]
[Site "Winnipeg CAN"]
[Date "2003.03.14"]
[Round "1.2"]
[White "Gannon, Keith"]
[Black "Kaptsan, Aron"]
[Result "0-1"]
[WhiteElo "1580"]
[BlackElo "1999"]
[PlyCount "74"]
[EventDate "2003.03.15"]
[EventType "swiss"]
[EventRounds "5"]
[EventCountry "CAN"]
[Source "ChessBase"]
[SourceDate "2003.11.25"]

1. e4 Nf6 2. d3 e5 3. Nc3 Bb4 4. Bd2 O-O 5. Nf3 Nc6 6. Be2 d5 7. exd5 Nxd5 8.
Nxd5 Qxd5 9. Bxb4 Nxb4 10. a3 Nc6 11. O-O h6 12. Re1 Re8 13. c4 Qd6 14. b4 Bf5
15. Qb3 Rad8 16. Rad1 Nd4 17. Nxd4 Qxd4 18. a4 e4 19. dxe4 Qxe4 20. Rxd8 Rxd8
21. Qc3 Re8 22. Kf1 Qf4 23. Qg3 Qd2 24. b5 Rxe2 25. Rxe2 Qd1+ 26. Re1 Bd3+ 27.
Qxd3 Qxd3+ 28. Kg1 Qxc4 29. g3 Qxa4 30. Re8+ Kh7 31. Re7 Qxb5 32. Rxc7 a5 33.
Rxf7 a4 34. f4 a3 35. f5 a2 36. f6 a1=Q+ 37. Kg2 Qd5+ 0-1

[Event "Icebreaker op"]
[Site "Winnipeg CAN"]
[Date "2003.03.14"]
[Round "1.3"]
[White "Vincent, Trevor"]
[Black "Clory, Ron"]
[Result "1-0"]
[WhiteElo "1990"]
[BlackElo "1548"]
[PlyCount "79"]
[EventDate "2003.03.15"]
[EventType "swiss"]
[EventRounds "5"]
[EventCountry "CAN"]
[Source "ChessBase"]
[SourceDate "2003.11.25"]

1. c4 d6 2. Nf3 g6 3. g3 Bg7 4. Bg2 Nf6 5. O-O O-O 6. d4 Nbd7 7. b3 a6 8. Bb2
Rb8 9. Nbd2 b5 10. Rc1 c5 11. dxc5 Nxc5 12. Nd4 Bd7 13. Nc6 Bxc6 14. Bxc6 b4
15. Bg2 a5 16. Qc2 Qd7 17. Nf3 a4 18. Nd4 Rfc8 19. Nb5 axb3 20. axb3 Na6 21.
Ra1 Qxb5 22. cxb5 Rxc2 23. Bxf6 Bxf6 24. bxa6 Bxa1 25. Rxa1 Rxe2 26. a7 Rc8 27.
a8=Q Rxa8 28. Rxa8+ Kg7 29. Rb8 Re1+ 30. Bf1 e5 31. Rxb4 d5 32. Rb6 d4 33. Kg2
e4 34. Bc4 d3 35. Rd6 f5 36. b4 Rc1 37. Ba6 Rc2 38. b5 d2 39. Kf1 Rc1+ 40. Ke2
1-0

[Event "Icebreaker op"]
[Site "Winnipeg CAN"]
[Date "2003.03.14"]
[Round "1.4"]
[White "Anderson, George"]
[Black "Khedkar, Jay"]
[Result "0-1"]
[WhiteElo "1535"]
[BlackElo "1938"]
[PlyCount "26"]
[EventDate "2003.03.15"]
[EventType "swiss"]
[EventRounds "5"]
[EventCountry "CAN"]
[Source "ChessBase"]
[SourceDate "2003.11.25"]

1. b4 e5 2. b5 d5 3. Bb2 Bd6 4. e3 Be6 5. a4 Nf6 6. Nf3 Nbd7 7. Be2 O-O 8. O-O
c5 9. d3 Qc7 10. Ng5 Bf5 11. f4 exf4 12. exf4 Bxf4 13. Nf3 Ne5 0-1

[Event "Icebreaker op"]
[Site "Winnipeg CAN"]
[Date "2003.03.14"]
[Round "1.5"]
[White "Proulx, Roy"]
[Black "Zaczek, Jonathan"]
[Result "1-0"]
[WhiteElo "1752"]
[BlackElo "1504"]
[PlyCount "105"]
[EventDate "2003.03.15"]
[EventType "swiss"]
[EventRounds "5"]
[EventCountry "CAN"]
[Source "ChessBase"]
[SourceDate "2003.11.25"]

1. e4 c5 2. c3 d6 3. d4 cxd4 4. cxd4 Nf6 5. Nc3 e6 6. Nf3 Be7 7. Bd3 Nbd7 8.
O-O O-O 9. Bg5 e5 10. Rc1 h6 11. Bh4 Qa5 12. dxe5 Nxe5 13. Nxe5 dxe5 14. Bxf6
Bxf6 15. Nd5 Bg5 16. f4 exf4 17. h4 Bxh4 18. Qh5 Bg5 19. Nxf4 Qd2 20. Rcd1 Qe3+
21. Kh1 Bxf4 22. Rf3 Qb6 23. Rxf4 Qxb2 24. g4 Qb6 25. g5 hxg5 26. Qxg5 Qh6+ 27.
Qxh6 gxh6 28. Rg1+ Kh8 29. Rf6 Bf5 30. Rxh6+ Bh7 31. e5 f5 32. exf6 Rf7 33. Rg7
Rxg7 34. fxg7+ Kxg7 35. Rxh7+ Kf6 36. Rxb7 Rd8 37. Bc4 a6 38. Rb6+ Ke5 39. Rxa6
Kf4 40. Rf6+ Kg3 41. Rg6+ Kf2 42. Rg2+ Kf3 43. a4 Rd1+ 44. Kh2 Ra1 45. Bb5 Ke4
46. Kg3 Ra3+ 47. Kg4 Ke5 48. Re2+ Kd4 49. Kf4 Ra1 50. Rd2+ Kc3 51. Rd3+ Kc2 52.
Ke4 Re1+ 53. Kd4 1-0

[Event "Icebreaker op"]
[Site "Winnipeg CAN"]
[Date "2003.03.14"]
[Round "1.6"]
[White "Gibbons, Lorne"]
[Black "Katona, John"]
[Result "0-1"]
[WhiteElo "1353"]
[BlackElo "1751"]
[PlyCount "28"]
[EventDate "2003.03.15"]
[EventType "swiss"]
[EventRounds "5"]
[EventCountry "CAN"]
[Source "ChessBase"]
[SourceDate "2003.11.25"]

1. d4 Nf6 2. c4 g6 3. Nc3 Bg7 4. Bf4 d6 5. e3 O-O 6. b4 c5 7. a3 Nbd7 8. Be2 a6
9. g4 cxd4 10. exd4 e5 11. dxe5 dxe5 12. Be3 Nb8 13. h4 Qxd1+ 14. Rxd1 Nxg4 0-1

[Event "Icebreaker op"]
[Site "Winnipeg CAN"]
[Date "2003.03.14"]
[Round "1.7"]
[White "Estabrooks, Mike"]
[Black "Reimer, Bruce"]
[Result "1-0"]
[WhiteElo "1708"]
[BlackElo "1318"]
[PlyCount "67"]
[EventDate "2003.03.15"]
[EventType "swiss"]
[EventRounds "5"]
[EventCountry "CAN"]
[Source "ChessBase"]
[SourceDate "2003.11.25"]

1. f4 d5 2. Nf3 Nc6 3. e3 Nf6 4. c4 e6 5. a3 g6 6. b4 Bg7 7. Bb2 O-O 8. Be2 a6
9. O-O dxc4 10. Bxc4 b5 11. Ba2 Bb7 12. Qc2 Rc8 13. d3 Ng4 14. Bxg7 Kxg7 15.
Qc3+ Kg8 16. Re1 Ne7 17. e4 Nc6 18. Nbd2 Nf6 19. Nb3 Nd7 20. e5 Ne7 21. Nfd4
Nd5 22. Qd2 c5 23. bxc5 Nxc5 24. Rac1 Qb6 25. Kf1 Nxb3 26. Nxb3 Rc7 27. d4 Rfc8
28. Nc5 Ne7 29. g4 Qc6 30. Qf2 Qb6 31. Qe3 Bd5 32. f5 Bxa2 33. f6 Nc6 34. Qh6
1-0

[Event "Icebreaker op"]
[Site "Winnipeg CAN"]
[Date "2003.03.14"]
[Round "1.8"]
[White "Katcher, Jeff"]
[Black "Rutter, Blair"]
[Result "1-0"]
[WhiteElo "1286"]
[BlackElo "1703"]
[PlyCount "77"]
[EventDate "2003.03.15"]
[EventType "swiss"]
[EventRounds "5"]
[EventCountry "CAN"]
[Source "ChessBase"]
[SourceDate "2003.11.25"]

1. e4 e6 2. d4 d5 3. e5 c5 4. Nf3 cxd4 5. Nxd4 Bc5 6. c3 Bd7 7. Be2 h6 8. Be3
Qc7 9. f4 a6 10. O-O Ne7 11. Nd2 Nf5 12. Bf2 Ne7 13. N2b3 Ba7 14. Qd2 Nbc6 15.
Rac1 b5 16. Kh1 Bb6 17. Bd3 Rc8 18. Qe2 Ba7 19. Qg4 O-O 20. Bg1 b4 21. Rf3 f5
22. Qh4 Kh8 23. g4 Ng6 24. Qh5 Be8 25. Qh3 Bxd4 26. cxd4 fxg4 27. Qxg4 Qf7 28.
Be3 Nge7 29. Rg1 Nf5 30. Bxf5 exf5 31. Qh3 Qe7 32. Rfg3 Rf7 33. Rg6 Nd8 34. Qg2
Ne6 35. Rxh6+ Kg8 36. Qg6 Nf8 37. Qh5 g6 38. Rh8+ Kg7 39. Qh6# 1-0

[Event "Inter-entreprise"]
[Site "Montreal CAN"]
[Date "2003.10.21"]
[Round "1"]
[White "Boyer, Pascal"]
[Black "Antoine, Patrick"]
[Result "1-0"]
[WhiteElo "1552"]
[BlackElo "1704"]
[PlyCount "56"]
[EventDate "2003.11.18"]
[EventType "team"]
[EventRounds "6"]
[EventCountry "CAN"]

1. e4 c5 2. Nf3 d6 3. d4 cxd4 4. Nxd4 Nf6 5. Nc3 a6 6. Be2 e6 7. Bg5 Be7 8. O-O
O-O 9. Qd2 Qc7 10. f4 Nc6 11. Kh1 Bd7 12. Nf3 Rfd8 13. Rac1 b5 14. a3 Be8 15.
Bd3 Rac8 16. h3 Qb8 17. Qe2 Nh5 18. Qf2 Bxg5 19. fxg5 e5 20. Nd5 Nf4 21. Qh4
Ng6 22. Nf6+ gxf6 23. Qh6 fxg5 24. Nxg5 Nf8 25. Rf3 Ne7 26. Qf6 Nd7 27. Qxe7
Nf8 28. Ne6 Ng6 1-0

[Event "Inter-entreprise"]
[Site "Montreal CAN"]
[Date "2003.10.21"]
[Round "1"]
[White "Fontaine, Jacques"]
[Black "Menard, Dominic"]
[Result "0-1"]
[WhiteElo "1947"]
[BlackElo "1612"]
[PlyCount "74"]
[EventDate "2003.11.18"]
[EventType "team"]
[EventRounds "6"]
[EventCountry "CAN"]

1. e4 c5 2. Nf3 d6 3. c3 Nf6 4. d3 e6 5. Be2 Be7 6. Nbd2 O-O 7. d4 Nc6 8. O-O
b6 9. Re1 Bb7 10. Bd3 Rc8 11. Bb1 Qc7 12. e5 dxe5 13. dxe5 Nd7 14. Nc4 Rcd8 15.
Qc2 g6 16. Bf4 b5 17. Nd6 Ncxe5 18. Nxe5 Bxd6 19. Nxd7 Rxd7 20. Bxd6 Rxd6 21.
Qe2 Qc6 22. f3 Qb6 23. Bc2 Rfd8 24. Rad1 Bd5 25. b3 c4+ 26. Kf1 Qa5 27. b4 Qxa2
28. Rd2 Bxf3 29. Qxf3 Rxd2 30. Be4 a5 31. bxa5 Qxa5 32. h4 b4 33. cxb4 Qxb4 34.
h5 c3 35. hxg6 hxg6 36. Qf6 Qd4 37. Qxd4 R2xd4 0-1

[Event "Inter-entreprise"]
[Site "Montreal CAN"]
[Date "2003.10.21"]
[Round "1"]
[White "Jean, Robert"]
[Black "Cyr, Frederic"]
[Result "1-0"]
[WhiteElo "1552"]
[BlackElo "1704"]
[PlyCount "47"]
[EventDate "2003.11.18"]
[EventType "team"]
[EventRounds "6"]
[EventCountry "CAN"]

1. d4 d5 2. c4 Be6 3. cxd5 Bxd5 4. Nc3 Nf6 5. Nxd5 Nxd5 6. e4 Nf6 7. Bd3 Nc6 8.
Ne2 e5 9. d5 Nd4 10. O-O Bd6 11. Nxd4 exd4 12. Bb5+ c6 13. dxc6 O-O 14. cxb7
Rb8 15. Bd3 Rxb7 16. f4 Bc5 17. Rf3 Re7 18. e5 Ng4 19. Rh3 Re6 20. Qxg4 Qe8 21.
Bxh7+ Kh8 22. Bd3+ Rh6 23. Rxh6+ gxh6 24. Qf5 1-0

[Event "Inter-entreprise"]
[Site "Montreal CAN"]
[Date "2003.10.21"]
[Round "1"]
[White "Laurain, Guy"]
[Black "Rivard, Jean"]
[Result "1-0"]
[WhiteElo "2191"]
[BlackElo "1525"]
[PlyCount "79"]
[EventDate "2003.11.18"]
[EventType "team"]
[EventRounds "6"]
[EventCountry "CAN"]

1. e4 g6 2. d4 Bg7 3. c3 d6 4. Nf3 Nf6 5. Bd3 O-O 6. O-O Nc6 7. h3 Bd7 8. Nbd2
Qc8 9. Kh2 Nh5 10. Nb3 f5 11. exf5 Bxf5 12. Bc4+ Kh8 13. Ng5 Bd7 14. Nf7+ Rxf7
15. Bxf7 e6 16. d5 exd5 17. Bxd5 Be5+ 18. f4 Qe8 19. Qf3 Bg7 20. Bd2 Nf6 21.
Rae1 Qf8 22. Be6 Rd8 23. Nd4 Nxd4 24. cxd4 c6 25. f5 Bxe6 26. fxe6 Qe7 27. Bg5
Rf8 28. Qg3 d5 29. a3 h6 30. Qh4 Kh7 31. Rf3 Qd6+ 32. Bf4 Qe7 33. g4 Qe8 34.
Bd6 g5 35. Qf2 Ne4 36. Rxf8 Qxe6 37. Bg3 Be5 38. Qf7+ Qxf7 39. Rxf7+ Kg6 40.
Rxe4 1-0

[Event "Inter-entreprise"]
[Site "Montreal CAN"]
[Date "2003.10.28"]
[Round "2"]
[White "Boyer, Pascal"]
[Black "Lambert, Jacques"]
[Result "0-1"]
[WhiteElo "1552"]
[BlackElo "1068"]
[PlyCount "76"]
[EventDate "2003.11.18"]
[EventType "team"]
[EventRounds "6"]
[EventCountry "CAN"]

1. e4 Nc6 2. Nf3 e5 3. Bc4 h6 4. Nc3 Nf6 5. d3 d6 6. h3 Be7 7. Be3 O-O 8. O-O
Na5 9. Bb3 c6 10. Qd2 b6 11. d4 exd4 12. Nxd4 c5 13. Nf5 Bxf5 14. exf5 Qd7 15.
Ba4 Qxf5 16. Bb5 c4 17. b4 a6 18. Bxb6 axb5 19. Bxa5 Bd8 20. Bxd8 Rfxd8 21.
Rfe1 Rab8 22. Re3 d5 23. Rf3 Qe6 24. Re1 Ne4 25. Qf4 Qf6 26. Nxd5 Qxf4 27. Nxf4
Ng5 28. Rfe3 Ra8 29. a3 Rd2 30. Re8+ Rxe8 31. Rxe8+ Kh7 32. Re2 Rd1+ 33. Kh2
Ra1 34. h4 Ne6 35. Nxe6 fxe6 36. Re3 e5 37. Kg3 Kg6 38. Kf3 Kf5 0-1

[Event "Inter-entreprise"]
[Site "Montreal CAN"]
[Date "2003.10.28"]
[Round "2"]
[White "Cardinal, Pierre"]
[Black "Menard, Dominic"]
[Result "1-0"]
[WhiteElo "1531"]
[BlackElo "1612"]
[PlyCount "90"]
[EventDate "2003.11.18"]
[EventType "team"]
[EventRounds "6"]
[EventCountry "CAN"]

1. Nf3 e6 2. g3 d5 3. Bg2 Nf6 4. d3 c5 5. O-O Be7 6. Nbd2 O-O 7. e4 Nc6 8. Re1
Re8 9. e5 Nd7 10. Bh3 Qc7 11. Qe2 b6 12. Nf1 Nd4 13. Nxd4 cxd4 14. f4 Bb4 15.
Bd2 Bxd2 16. Qxd2 f6 17. g4 fxe5 18. fxe5 Rf8 19. Qe2 Nc5 20. Nd2 Bd7 21. Rf1
Na4 22. Nb3 Nxb2 23. Nxd4 Na4 24. g5 Nc5 25. Rae1 Qd8 26. Qg4 Qe7 27. Bg2 Rxf1+
28. Rxf1 Rf8 29. Rf6 Kh8 30. Rf4 Rxf4 31. Qxf4 Kg8 32. Bh3 Qf7 33. Qg3 Qg6 34.
Bg4 Kf8 35. h4 Ke7 36. Kg2 Qf7 37. h5 a6 38. g6 hxg6 39. hxg6 Qxg6 40. Qh4+ Kf7
41. Kf2 Kg8 42. Bh5 Qh6 43. Qd8+ Kh7 44. Bf7 Qf4+ 45. Nf3 Qxf7 1-0

[Event "Inter-entreprise"]
[Site "Montreal CAN"]
[Date "2003.10.28"]
[Round "2"]
[White "Charest, Johanne"]
[Black "Rivard, Jean"]
[Result "0-1"]
[WhiteElo "1989"]
[BlackElo "1525"]
[PlyCount "63"]
[EventDate "2003.11.18"]
[EventType "team"]
[EventRounds "6"]
[EventCountry "CAN"]

1. e4 g6 2. d4 Bg7 3. Nf3 d6 4. Bc4 Nf6 5. Nc3 Nc6 6. Be3 O-O 7. Qd2 Na5 8. Bd3
Ng4 9. Bg5 f6 10. Bh4 Nc6 11. O-O f5 12. h3 Nf6 13. e5 dxe5 14. dxe5 Ne4 15.
Bc4+ Kh8 16. Qxd8 Rxd8 17. Nxe4 fxe4 18. Ng5 Nxe5 19. Bg3 Nxc4 20. Nf7+ Kg8 21.
Nxd8 Nd6 22. Rfe1 Rb8 23. Bxd6 cxd6 24. Rxe4 Bf5 25. Rxe7 Rxd8 26. c3 Bd7 27.
Rae1 Bc6 28. Rd1 a5 29. Re6 d5 30. Rd3 Rf8 31. Re7 Bf6 32. Re6 0-1